| 000 | 02740cam a22003614a 4500 | ||
|---|---|---|---|
| 999 |
_c128214 _d128214 |
||
| 001 | 16132625 | ||
| 003 | ARRUPE | ||
| 005 | 20180920144259.0 | ||
| 008 | 100312r20092007enk 001 0 eng | ||
| 010 | _a 2010291972 | ||
| 015 |
_aGBA978600 _2bnb |
||
| 016 | 7 |
_a015346384 _2Uk |
|
| 020 | _a9780199572991 (pbk.) | ||
| 020 | _a0199572992 (pbk.) | ||
| 035 | _a(OCoLC)ocn430497059 | ||
| 040 |
_aUKM _cUKM _dDLC |
||
| 042 | _alccopycat | ||
| 050 | 0 | 0 |
_aB803 _b.O94 2009 |
| 082 | 0 | 4 |
_a190 _222 |
| 245 | 0 | 4 |
_aThe Oxford handbook of continental philosophy / _cBrian Leiter, Michael Rosen, editors. |
| 246 | 3 | 0 | _aHandbook of continental philosophy |
| 250 | _aPbk. [ed.] | ||
| 260 |
_aOxford, UK ; _aNew York : _bOxford University Press, _c2009. |
||
| 300 |
_axi, 812 p. ; _c25 cm. |
||
| 500 | _aOriginally published: 2007. | ||
| 504 | _aIncludes bibliographical references (p. [755]-795) and index. | ||
| 505 | 0 | _aProblems of method -- Phenomenology as rigorous science / Taylor Carman -- Hermeneutics / Michael N. Forster -- Philosophical aestheticism / Sebastian Gardner -- The history of philosophy as philosophy / Michael Rosen -- Historicism / Frederick Beiser -- What have we been missing? : science and philosophy in twentieth-century french thought / Gary Gutting -- Marxism and the status of critique / Alex Callinicos -- Reason and consciousness -- Serpentine naturalism and protean nihilism : transcendental philosophy in anthropological post-kantianism, German idealism, and -- neo-kantianism / Paul Franks -- Dialectic, value objectivity, and the unity of reason / Fred Rush -- Overcoming epistemology / Herman Philipse -- Individual existence and the philosophy of difference / Robert Stern -- Consciousness in the world : husserlian phenomenology and externalism / Peter Poellner -- Human being -- Nihilism and the meaning of life / Julian Young -- 'The presentation of the infinite in the finite' : the place of God in post-kantian philosophy / Stephen Mulhall -- Being at home : human beings and human bodies / Maximilian de Gaynesford -- Freedom as autonomy / Kenneth Baynes -- The legacy of hellenic harmony / Jessica N. Berry -- Political, moral, and critical theory : on the practical philosophy of the Frankfurt School / James Gordon Finlayson -- The humanism debate / Thomas Baldwin -- Morality critics / Brian Leiter. | |
| 650 | 0 |
_aContinental philosophy. _942409 |
|
| 700 | 1 |
_aLeiter, Brian. _942410 |
|
| 700 | 1 |
_aRosen, Michael, _d1952- _942411 |
|
| 906 |
_a7 _bcbc _ccopycat _d2 _encip _f20 _gy-gencatlg |
||
| 942 |
_2lcc _cMONOGRAPH |
||